MDQL
is popping MORE tags! Check the
thread
!
Quizzes
Events
Quiz Creation
Community
Videos
Private Events
Remove Ads
Sign In
Join for FREE
Feedback
Dark Mode
Quiz Categories
Sports
Geography
Music
Movies
Television
Just For Fun
Miscellaneous
History
Literature
Language
Science
Gaming
Entertainment
Religion
Holiday
For Kids
Quiz Lab
Recent
Popular Today
Quiz Kudos Today
Editor Picks
Curator Picks
Quizzes by...
Day
Popularity
Type
Ratings
Length
Year
Community
Subscriptions
Recent Discussions
Orange Saloon
Badges
Playlists
Quests
Create
Leaderboards
Showdown
Live 5
Trivia Bingo
Activity
Puzzle Library
Sporcle Events
Private Events
Virtual Trivia
Globe League
Become a Host
Pub Owners
SporcleCon
Opinionation
Our Games
Videos
Blog
Mobile Apps
Partnerships
Remove Ads and Go Orange
Feedback
Geography
Country
Landmarks
City
State
Population
World
Capital
Continent
Flags
Europe
Africa
Asia
South America
North America
Oceania
Border
Canada
United Kingdom
Topography
United States
Geography
Country
Landmarks
City
State
Population
World
Capital
Continent
Flags
Europe
Africa
Asia
South America
North America
Oceania
Border
Canada
United Kingdom
Topography
United States
Random Quiz
Search Sporcle
×
Quiz Lab
Quiz Lab
Geography
Railway
Type in answers that appear in a list
Type in answers that appear in a list
Classic
Best Score? Go Orange.
British and Irish railway stations opened in the 1990s Stats
Can you name the British and Irish railway stations opened or reopened in the 1990s?
By
oi96
10m
117 Questions
35 Plays
35 Plays
35 Plays
Comments
Comments
Give Quiz Kudos
Give Quiz Kudos
-
- Ratings
hide this ad
Replay
Link that replays current quiz
Next Quiz
Link to next quiz in quiz playlist
You Got
0%
They Got
Avg Score
7%
Avg Friend Score
Upgrade to see
Score Distribution
Jump to the score distribution portion of the page
Score
0/117
Timer
10:00
0
Plays Today
Year
Station
% Correct
1993
Gretna Green
42.9%
1993
Manchester Airport
42.9%
1994
Sanquhar
31.4%
1998
Heathrow Terminals 1,2,3
28.6%
1998
Heathrow Terminal 4
28.6%
1990
Priesthill & Darnley
28.6%
1998
Euxton Balshaw Lane
25.7%
1990
Paisley Canal
25.7%
1992
Yorkgate
25.7%
1997
Clontarf Road
25.7%
1991
Stansted Airport
22.9%
1991
New Cumnock
22.9%
1995
Belfast Great Victoria Street
20%
1995
Mansfield
17.1%
1994
Ivybridge
14.3%
1999
Luton Airport Parkway
14.3%
1994
Cam & Dursley
14.3%
1994
Prestwick International Airport
14.3%
1993
Ashfield
14.3%
1994
Hazelhatch & Celbridge
14.3%
1993
Whifflet
11.4%
1994
Wallyford
11.4%
1990
Corkerhill
11.4%
1994
Barrow-upon-Soar
11.4%
1995
The Hawthorns
11.4%
1995
Jewellery Quarter
11.4%
1994
Sallins & Naas
11.4%
1992
Hornbeam Park
8.6%
1995
Sutton Parkway
8.6%
1995
Mansfield Woodhouse
8.6%
1992
Glenrothes with Thornton
8.6%
1990
Crookston
8.6%
1990
Newbury Racecourse
8.6%
1990
Broombridge
8.6%
1990
Leixlip Confey
8.6%
1998
Kilcock
8.6%
1994
Cherry Orchard
8.6%
1997
Monasterevin
8.6%
1996
Baglan
5.7%
Year
Station
% Correct
1991
Smallbrook Junction
5.7%
1990
City Thameslink
5.7%
1991
Swinton
5.7%
1996
Yarm
5.7%
1994
Bulwell
5.7%
1993
Hucknall
5.7%
1998
Shirebrook
5.7%
1997
Ashchurch for Tewkesbury
5.7%
1998
Conway Park
5.7%
1993
Lambhill
5.7%
1993
Possilpark & Parkhouse
5.7%
1993
Summerston
5.7%
1993
Maryhill
5.7%
1994
Camelon
5.7%
1998
Dalgety Bay
5.7%
1990
Dumbreck
5.7%
1990
Mosspark
5.7%
1991
Hawkhead
5.7%
1995
Smethwick Galton Bridge
5.7%
1990
Castleknock
5.7%
1992
Tondu
2.9%
1992
Maesteg Ewenny Road
2.9%
1992
Maesteg
2.9%
1994
Pyle
2.9%
1996
Sugar Loaf
2.9%
1993
Adwick
2.9%
1993
Bentley (South Yorkshire)
2.9%
1990
Steeton & Silsden
2.9%
1993
Newstead
2.9%
1996
Kirkby-in-Ashfield
2.9%
1998
Langwith Whaley Thorns
2.9%
1998
Creswell
2.9%
1998
Whitwell
2.9%
1990
Meadowhall
2.9%
1990
Bloxwich North
2.9%
1997
Rugeley Town
2.9%
1990
Whinhill
2.9%
1998
Drumfrochar
2.9%
1993
Carmyle
2.9%
Year
Station
% Correct
1993
Mount Vernon
2.9%
1993
Baillieston
2.9%
1993
Bargeddie
2.9%
1993
Kirkwood
2.9%
1990
Shieldmuir
2.9%
1994
Sileby
2.9%
1994
Syston
2.9%
1995
Digby & Sowton
2.9%
1999
Horwich Parkway
2.9%
1998
Drumcondra
2.9%
1990
Coolmine
2.9%
1994
Clondalkin
2.9%
1990
Worle
0%
1996
Filton Abbey Wood
0%
1992
Pencoed
0%
1992
Pontyclun
0%
1992
Wildmill
0%
1992
Sarn
0%
1992
Garth (Glamorgan)
0%
1994
Briton Ferry
0%
1994
Skewen
0%
1994
Llansamlet
0%
1990
Hedge End
0%
1999
West Brompton
0%
1993
Chafford Hundred
0%
1999
Braintree Freeport
0%
1992
Featherstone
0%
1992
Streethouse
0%
1992
Pontefract Tanshelf
0%
1990
Tame Bridge Parkway
0%
1995
Eastham Rake
0%
1998
Brunswick
0%
1994
Ramsgreave & Wilpshire
0%
1994
Whalley
0%
1994
Langho
0%
1994
Clitheroe
0%
1990
Walsden
0%
1990
Woodsmoor
0%
1990
Whiston
0%
Quiz Playlist
Details
Report
Send in Message
Add To Playlist
Classic:
Type in answers that appear in a list
Last Updated: Feb 16, 2017
Quiz Scoreboard
CHALLENGE
Sign Up to Join the Scoreboard
Show All
Scores
Hide
Comments
May contain spoilers
Recently Published
Two Season TV Shows II
by 123Four
Television
10m
Image Sorting: Flags VI
by Barbecue
Geography
2m
Find the 'City' Movie
by crazypaving
Movies
60s
More to Explore
Quiz From the Vault
Featured Blog Post
14 Easter Pick-up Lines to Find Eggs With
hide this ad
You Might Also Like...
Tags
1990
British
counties
irish
Opened
Railway
station
Today's Top Quizzes in Geography
Browse Geography
hide this ad
Today's Top Quizzes in Railway
Browse Railway
Top Contributed Quizzes in Geography
1
Colored Red Europe Blitz I
2
Countries of the World - No Outlines Minefield
3
Colored Red Africa Blitz II
4
Colored Red Europe Blitz II
5
Colored Red Europe Blitz III
6
Colored Red Africa Blitz III
7
Colored Red States Blitz I
8
Colored Red States Blitz II
9
Colored Red States Blitz III
10
A Different View: World Oceans
Explore More
Trending Topics
NBA
Kpop
Disney
Anime
Harry Potter
Marvel
Crossword
Song
Country
Pokémon
Puzzle
WWE
The Office
NFL
Soccer
hide this ad
More By:
oi96
Quiz
Plays
Rating
Category
Featured
Created
Capitals of Central Asia
5,002
2.50
Geography
Dec 19, 2012
Railway stations in Cornwall
1,789
4.55
Geography
Mar 10, 2012
Railway Stations in Essex
1,302
4.40
Geography
Feb 19, 2012
Railway stations in Surrey
752
5.00
Geography
Feb 5, 2013
Stations on the East Coast Main Line (UK)
738
4.75
Geography
Feb 17, 2012
Go to Creator's Profile
Score Distribution
Quiz Creator Spotlight
oi96
Follow
Send a Message
Quizzes Created
-
Created Quiz Play Count
-
More By This Creator
Popular Quizzes Today
1
Find the US States - No Outlines Minefield
2
Colored Red Africa Blitz
3
Find the 'City' Movie
4
5x2 Blitz: Bands
5
The Countries of the World
6
Find the Countries of Europe - No Outlines Minefield
7
Find the US States
8
US States
More Geography Quizzes
Europe by Any 2-Letter Combos Blitz (Forced Order)
Quiz Lab
Trending Quizzes
Colored Red Europe Blitz I
Colored Red Africa Blitz II
Colored Red Europe Blitz II
Colored Red Europe Blitz III
Colored Red Africa Blitz III
Recently Updated
How Do You Spell That?
pecheneg
Godzilla Movies
pecheneg
Grab Bag: 4-10 Letters
pecheneg
2024 March Madness Bracket
pecheneg
Famous TV Couples
Peacemaker
Champions League XIs: Real Madrid
pecheneg
Largest US Cities 1790-2010
pecheneg
Rides in Walt Disney World
pecheneg
Most Oscar Losses (Acting)
pecheneg
Beyoncé Albums
pecheneg
Trending Topics
Kpop
Anime
Marvel
Crossword
NBA
Disney
Harry Potter
WWE
Song
The Office
Puzzle
Pokémon
NFL
Country
Soccer
Your Account Isn't Verified!
In order to create a playlist on Sporcle, you need to verify the email address you used during registration. Go to your
Sporcle Settings
to finish the process.
Report this User
Report this user for behavior that violates our
Community Guidelines
.
Details:
Send Report
Go to the Sporcle.com Mobile Site →
Comments